Plus Grandes Villes République Tchèque - Statistiques

Statistiques générales
  • Ce quiz a été pris 252 fois
    240 depuis la dernière actualisation
  • Le résultat moyen est 7 sur 18
Statistiques - réponses
Ville
Population
(en milliers)
% Correct
Prague 1 294
100%
Brno 379
85%
Pilsen 170
73%
Ostrava 290
68%
Olomouc 100
51%
Liberec 103
49%
Ceske Budejovice 93
34%
Pardubice 90
34%
Zlin 74
33%
Hradec Kralové 92
31%
Usti nad Labem 93
29%
Jihlava 50
18%
Kladno 68
14%
Opava 57
13%
Karvina 53
8%
Most 66
8%
Frydek Mistek 56
7%
Havirov 72
5%
Aucun quiz correspondant
Distribution des résultats
% des personnes avec chaque résultat
Percentile par nombre de réponses
Votre historique - résultats
Vous n’avez pas pris ce quiz depuis la dernière actualisation